Подробности
| 000 -МАРКЕР |
| контрольное поле |
02312nam2a22002531 4500 |
| 001 - ИДЕНТИФИКАТОР ЗАПИСИ |
| контрольное поле |
rc\2362830 |
| 005 - ИДЕНТИФИКАТОР ВЕРСИИ |
| контрольное поле |
20250622235021.0 |
| 035 ## - ДРУГИЕ СИСТЕМНЫЕ НОМЕРА |
| Идентификатор записи |
(NLR Aleph) 006478765 |
| 100 ## - ДАННЫЕ ОБЩЕЙ ОБРАБОТКИ |
| Данные общей обработки |
20110829d1977 |||y0rusy50 ca |
| 101 0# - ЯЗЫК РЕСУРСА |
| Язык текста, звукозаписи и т.д. |
русский |
| 102 ## - СТРАНА ПУБЛИКАЦИИ ИЛИ ПРОИЗВОДСТВА |
| Страна публикации |
Российская Федерация |
| 105 ## - ПОЛЕ КОДИРОВАННЫХ ДАННЫХ: ТЕКСТОВЫЕ МАТЕРИАЛЫ, МОНОГРАФИЧЕСКИЕ |
| Кодированные данные о монографическом текстовом документе |
y z ||||| |
| 200 1# - ЗАГЛАВИЕ И СВЕДЕНИЯ ОБ ОТВЕТСТВЕННОСТИ |
| Основное заглавие |
Подкласс 36 4. Оборудование криогенное, компрессорное, холодильное, для газопламенной обработки металлов, комплектные технологические линии, установки и агрегаты, насосы и агрегаты вакуумные и высоковакуумные |
| 210 ## - ПУБЛИКАЦИЯ, РАСПРОСТРАНЕНИЕ И ДР. |
| Дата издания, распространения и т.д. |
1977 |
| Место издания, распространения и т.д. |
Б. м. |
| 215 ## - ФИЗИЧЕСКАЯ ХАРАКТЕРИСТИКА |
| Специфическое обозначение материала и объем |
284 с. |
| 333 ## - ПРИМЕЧАНИЯ ОБ ОСОБЕННОСТЯХ РАСПРОСТРАНЕНИЯ И ИСПОЛЬЗОВАНИЯ |
| Текст примечания |
ДСП |
| 461 #0 - УРОВЕНЬ НАБОРА |
| Встроенное поле |
001rc\2362824 |
| -- |
2001#$aОбщесоюзный классификатор$eПромышленная и сельскохозяйственная продукция$e[В 10-ти т.]$eТ.1-$fГос. план. ком. Совета Министров СССР. М-во хим. и нефт. машиностроение. Гос. ком. стандартов Совета Министров СССР$hКласс 36$iХимическое и нефтяное машиностроение. 1 74 041$vТ. 6 |
| Системный номер (АБИС) связанной записи |
6011421 |
| Место публикации |
Москва |
| Дата публикации |
1977 |
| Издание |
Офиц. изд. |
| Первые сведения об ответственности |
Гос. план. ком. Совета Министров СССР. М-во хим. и нефт. машиностроение. Гос. ком. стандартов Совета Министров СССР |
| Номер части |
Класс 36 |
| Заглавие части |
Химическое и нефтяное машиностроение. 1 74 041 |
| Имя издателя, распространителя и т.д. |
Б. и. |
| Сведения, относящиеся к заглавию |
Промышленная и сельскохозяйственная продукция : [В 10-ти т.] : Т.1- |
| Заглавие |
Общесоюзный классификатор |
| Номер тома |
Т. 6 |
| 517 0# - ДРУГИЕ ВАРИАНТЫ ЗАГЛАВИЯ |
| Вариант заглавия |
Оборудование криогенное, компрессорное, холодильное, для газопламенной обработки металлов, комплектные технологические линии, установки и агрегаты, насосы и агрегаты вакуумные и высоковакуумные |
| 801 #0 - ИСТОЧНИК ЗАПИСИ |
| Страна |
Российская Федерация |
| Организация |
NLR |
| Правила каталогизации |
psbo |
| 801 #1 - ИСТОЧНИК ЗАПИСИ |
| Страна |
Российская Федерация |
| Организация |
ELAR |
| Источник данных |
rusmarc |
| 852 ## - МЕСТОНАХОЖДЕНИЕ И ШИФР ХРАНЕНИЯ |
| Идентификатор организации |
NLR |
| Шифр хранения (Call Number) |
78-50К/1128 |
| 942 ## - ДОПОЛНИТЕЛЬНЫЕ ЭЛЕМЕНТЫ ЗАПИСИ (АБИС) |
| Тип экземпляра АБИС |
Книга |
| 980 ## - КОЛЛЕКЦИЯ |
| Название коллекции |
Национальная библиография |